000 00699nam a2200217 i 4500
001 115439
003 ES-MaACL
005 20250825062557.0
007 t|
008 070308s1930 sp ||||1| spa d
080 _a821.134.2.23"19"
100 1 _aLinares Rivas, Manuel.
_972355
245 1 3 _aEl buen demonio
_b: comedia en dos actos y en prosa /
_cManuel Linares Rivas.
260 _aMadrid :
_bPrensa Moderna,
_c1930.
300 _a59 p. ;
_c17 cm.
490 1 _aEl Teatro moderno ;
_v239
500 _aEstrenada en el teatro Lara, de Madrid, el 20 de enero de 1911.
830 0 3 _aEl teatro moderno (Prensa Moderna)
_v239
_9182365
852 _aES-MaACL
_jC-13097
999 _c115439
_d115439